000 00345nam a22001577a 4500
005 20160629131158.0
008 160629b xxu||||| |||| 00| 0 eng d
041 _aeng
082 _b11037
100 _aDulta, Uttapal
_93190
245 _aTever Talowar
260 _bJatiya Shaitya
300 _a96
650 _aManagement
_9241
942 _cBK
999 _c4686
_d4684